| 000 | 00654nam a22001937a 4500 | ||
|---|---|---|---|
| 005 | 20250825113005.0 | ||
| 010 | _aENG-146498 | ||
| 020 |
_a9789349015593 _c895.00 |
||
| 035 | _aEN-130030 | ||
| 037 | _bDBAD/PUB | ||
| 082 |
_a346.5403 _25 |
||
| 100 |
_aAvtar Singh _984300 |
||
| 245 |
_aIntroduction to the Law of Torts and Consumer Protection/ _cAvtar Singh [and] Harpreet Kaur |
||
| 260 |
_aGurgaon _bLexis Nexis _c2025 |
||
| 270 |
_a14th Floor, Building No.10, Tower-B, DLF Cyber City, Phase-II _bGurgaon _e122002 |
||
| 300 |
_alxxix, 477p. _c24cm(pb) |
||
| 700 |
_aHarpreet Kaur _eAuthor _984301 |
||
| 942 |
_2ddc _cEN _mAVT _h364.5403 |
||
| 999 |
_c213138 _d213138 |
||